Großstädte von England - Statistiken

Allgemein
  • Dieses Quiz wurde 306 mal gespielt
  • Das Durchschnittsergebnis liegt bei 19 aus 76
Antwortstatistiken
Einwohnerzahl Stadt % Korrekt
8.888.608 London
100%
560.392 Manchester
97%
576.561 Liverpool
94%
1.161.258 Birmingham
89%
515.947 Leeds
72%
172.264 Oxford
59%
586.781 Bristol
58%
487.837 Leicester
57%
306.573 Nottingham
55%
266.934 Southampton
54%
167.007 Cambridge/Milton
52%
525.142 Sheffield
51%
240.903 Plymouth
49%
200.996 Norwich
48%
156.135 York
48%
218.488 Wolverhampton
46%
241.623 Portsmouth
40%
170.134 Sunderland
36%
200.916 Bournemouth
35%
151.240 Ipswich
35%
233.498 Luton
33%
148.150 Blackpool
31%
269.053 Derby
31%
355.703 Coventry
28%
281.727 Newcastle upon Tyne
28%
242.572 Reading
26%
245.899 Northampton
25%
148.069 Watford
25%
124.893 Exeter
24%
101.557 Bath
23%
179.959 Middlesbrough
22%
370.185 Bradford
21%
189.561 Peterborough
21%
212.271 Bolton
20%
167.534 Huddersfield
20%
124.900 Blackburn
19%
279.769 Stoke-on-Trent
19%
232.503 Brighton and Hove
17%
113.566 Doncaster
14%
295.179 Kingston upon Hull
14%
138.753 Colchester
13%
151.176 Gloucester
13%
192.943 Milton Keynes
12%
160.778 Poole
12%
201.669 Swindon
12%
182.591 Southend-on-Sea
11%
105.491 Worcester
11%
116.880 Crawley
9%
109.697 Rotherham
9%
175.100 Slough
9%
105.690 Wigan
9%
113.127 Eastbourne
8%
111.201 Lincoln
8%
111.321 Oldham
8%
111.023 Stockport
8%
120.091 Chelmsford
7%
119.587 Cheltenham
7%
129.794 Salford
6%
173.365 Warrington
6%
145.208 Birkenhead
4%
107.897 Gillingham
4%
121.723 Maidstone
4%
114.615 Rochdale
4%
106.591 Saint Helens
4%
109.766 Wakefield
4%
116.192 Worthing
4%
155.570 Telford
3%
111.766 Woking/Byfleet
3%
127.856 High Wycombe
2%
126.245 Solihull
2%
117.341 Basildon
1%
118.807 Basingstoke
1%
115.720 Gateshead
1%
141.068 Sale
1%
103.212 Hemel Hempstead
0%
109.899 Royal Sutton Coldfield
0%
Keine übereinstimmenden Quizze gefunden
Verteilung der Resultate
Anzahl Personen mit jedem Resultat
Perzentil nach korrekt beantworteten Fragen
Ihre Resultats-Entwicklung
Sie haben dieses Quiz noch nicht gespielt